00609nam a2200169Ia 4500008004100000020001800041041000800059082001500067100001700082245009200099250000600191260004100197300001400238650002700252999001900279952014100298210716s2018 xx 000 0 und d a9788126574735 aeng a006.3 STEJ aSterne, Jim. aArtificial intelligence for marketing: practical applications.bPractical applications. a1 aNew DelhibWiley India Pvt Ltdc2018 axviii,344 aArtifical Intelligence c196993d196993 001040708MCAaAIMITbAIMITeKnowledge Worldg899.00l1o006.3 STEJpMCA16508r2026-07-03 10:35:52s2026-07-03v674.25w2021-07-16yBK